LDR 00742naa#a2200205#i#450# 001 EN\\bibl\122864 005 20260514110804.4 011 ## _a2073-4018 100 ## _a20260508b2026####ek#y0engy0150####ca 101 0# _aRUS 102 ## _aRU 200 1# _aDynamics of Some Microbial Groups in Conventional and β-Galactosidase-Fermented Cream during Intermediate Storage _eJournal article 210 1# _aKemerovo _cKemerovo State University _d2026 215 ## _a7 с. 608 ## _aJournal article _2local 675 ## _aСельское хозяйство. Лесное хозяйство. Охота. Рыбное хозяйство. 63 _zRUS 700 #1 _aZakharova _gMarina B. 700 #1 _aNikitina _gYulia V. 700 #1 _aTopnikova _gElena V. 856 4# _ajsocnet.ru _u